Welches Bundesland? #2 - Statistiken

Allgemein
  • Dieses Quiz wurde 116 mal gespielt
  • Das Durchschnittsergebnis liegt bei 10 aus 24
Antwortstatistiken
Hint Antwort % Korrekt
Die größte deutsche Insel gehört zu diesem Bundesland Mecklenburg-Vorpommern
72%
Hier findet man den Großteil des Sauerlandes Nordrhein-Westfalen
70%
Hat die meisten Landkreise Bayern
68%
Ursprung des weltbekannten Meissener Porzellans Sachsen
68%
Hier liegt die größte Modelleisenbahnanlage der Welt Hamburg
66%
Hier liegt das größte Steillagenweinanbaugebiet der Welt Rheinland-Pfalz
64%
Hier wird „Wer wird Millionär“ produziert Nordrhein-Westfalen
62%
Hier leben prozentual die meisten Ausländer Berlin
56%
Hier befinden sich die im Schlager "Pack die Badehose ein" besungenen Orte Berlin
55%
WACKEN! Schleswig-Holstein
55%
Hier konnte man alles (außer Hochdeutsch) Baden-Württemberg
52%
Das Größte der neuen Bundesländer Brandenburg
51%
Das Wappen hat Ähnlichkeit mit dem von Thüringen (nicht Thüringen) Hessen
40%
Grenzt an die meisten anderen Bundesländer Niedersachsen
31%
In diesem Bundesland legt die Elbe am meisten Strecke zurück Sachsen-Anhalt
30%
Am meisten Unterschied zwischen der Platzierung im Ranking nach Einwohnern und der in dem nach Fläche Mecklenburg-Vorpommern
29%
Hat in der Saison 2024/25 keinen Fußballverein in der 1., 2. oder 3. Liga Thüringen
24%
Von allen Bundesländern die höchste natürliche Erhebung - hier liegt die niedrigste Bremen
18%
Wird von der SPD alleine regiert Saarland
11%
Hier findet man die kürzeste Autobahn Deutschlands Baden-Württemberg
9%
Hier liegt das Dorf mit dem längsten Ortsnamen Deutschlands Schleswig-Holstein
8%
Welches Bundesland wurde beim Quiz "Deutsche Bundesländer - Karte" am seltensten erraten? Rheinland-Pfalz
6%
Gemeindenreichstes Bundesland Rheinland-Pfalz
6%
Hier liegt der bevölkerungsschwächste Landkreis Deutschlands Niedersachsen
2%
Keine übereinstimmenden Quizze gefunden
Verteilung der Resultate
Anzahl Personen mit jedem Resultat
Perzentil nach korrekt beantworteten Fragen
Ihre Resultats-Entwicklung
Sie haben dieses Quiz noch nicht gespielt